DOS INSTANT REFERENCE (Record no. 574235)
[ view plain ]
| 000 -LEADER | |
|---|---|
| fixed length control field | 00251nam a22001097a 4500 |
| 082 ## - DEWEY DECIMAL CLASSIFICATION NUMBER | |
| Classification number | 005.42 HAR'D |
| 100 ## - MAIN ENTRY--PERSONAL NAME | |
| Personal name | NELSON, K.Y, HARVEY, GREY |
| 9 (RLIN) | 66247 |
| 245 ## - TITLE STATEMENT | |
| Title | DOS INSTANT REFERENCE |
| 260 ## - PUBLICATION, DISTRIBUTION, ETC. | |
| Place of publication, distribution, etc. | DELHI |
| Name of publisher, distributor, etc. | BPB |
| Date of publication, distribution, etc. | 1988 |
| 300 ## - PHYSICAL DESCRIPTION | |
| Extent | XII, 220P |
| 942 ## - ADDED ENTRY ELEMENTS (KOHA) | |
| Koha item type | Book |
| Withdrawn status | Lost status | Damaged status | Not for loan | Permanent Location | Current Location | Shelving location | Date acquired | Total Checkouts | Full call number | Barcode | Date last seen | Price effective from | Koha item type |
|---|---|---|---|---|---|---|---|---|---|---|---|---|---|
| College of Electrical & Mechanical Engineering (CEME) | College of Electrical & Mechanical Engineering (CEME) | General Stacks | 07/28/2017 | 005.42 HAR'D | CEME-22533 | 06/28/2021 | 06/28/2021 | Book |
